Pasivní domy 2006
Enregistré dans:
| Format: | Livre |
|---|---|
| Langue: | tchèque allemand |
| Publié: |
Brno :
Centrum pasivního domu,
2006
|
| Édition: | 1. vydanie |
| Sujets: | |
| Tags: |
Pas de tags, Soyez le premier à ajouter un tag!
|
MARC
| LEADER | 00000nam a22000003a 4500 | ||
|---|---|---|---|
| 001 | 0119241 | ||
| 003 | SK-STU | ||
| 005 | 20260211124033.2 | ||
| 007 | ta | ||
| 008 | 251231s ----xo-----e------000-0-----d | ||
| 040 | |a STU |b slo | ||
| 041 | 0 | |a cze |a ger | |
| 044 | |a xr | ||
| 245 | 1 | 0 | |a Pasivní domy 2006 |
| 250 | |a 1. vydanie | ||
| 260 | |a Brno : |b Centrum pasivního domu, |c 2006 | ||
| 300 | |a 407 s. | ||
| 650 | 0 | 7 | |a udržateľná výstavba |
| 650 | 0 | 7 | |a rekonštrukcia budov |
| 650 | 0 | 7 | |a energetická náročnosť budov |
| 650 | 0 | 7 | |a legislatíva |
| 996 | |b 284AU10586 |c A* 13760/U |l AAKNAR |s A |a 24 |w 0119241_0001 | ||